| 000 | 00905cam a2200241 i 4500 | ||
|---|---|---|---|
| 003 | SA-RiAUC | ||
| 005 | 20260104141045.0 | ||
| 008 | 260101s1954 ua g 00000 ara c | ||
| 024 | 0 | _a36301000050097 | |
| 040 |
_aSA-JeALM _bara _cSA-RiAUC _dSA-RiMOC _erda |
||
| 043 | _aa-su--- | ||
| 082 | 0 | 4 |
_a915.31204 _qSA-RiAUC |
| 090 |
_aن 915.31204 _bر ض ا |
||
| 100 | 1 |
_aرضا، محيي الدين، _d1975- _eمؤلف. |
|
| 245 | 1 | 0 |
_aرحلتي إلى الحجاز في عام 1353هجرية-1935 ميلادية / _cبقلم محيي الدين رضا. |
| 264 | 1 |
_aالقاهرة : _bمطبعة المنار، _c1935 |
|
| 300 |
_a156 صفحة ؛ _c24 سم. |
||
| 336 |
_aنص _btxt _2rdacontent _3كتاب |
||
| 337 |
_aبدون وسيط _bn _2rdamedia |
||
| 651 | 7 |
_aالحجاز (السعودية) _xوصف ورحلات _2aucsh |
|
| 942 |
_2ddc _cRARE BOOK _n0 |
||
| 949 |
_aSA-JeALM _d260101 _uosman123 _n1 |
||
| 999 |
_c13892 _d13892 |
||